| 000 | 00778cam a2200217 a 4500 | ||
|---|---|---|---|
| 020 | _a0801834112 : | ||
| 020 | _a0801834295 (pbk.) : | ||
| 082 | 0 | 0 |
_a388.049 _bADL _cD |
| 100 | 1 |
_aAdler, Hans A. _938458 |
|
| 245 | 1 | 0 |
_aEconomic appraisal of transport projects : _ba manual with casestudies / _cHans A. Adler. |
| 250 | _aRev. and expanded ed. | ||
| 260 |
_aBaltimore : _bPublished for the World Bank [by] Johns Hopkins University Press, _c1987. |
||
| 300 |
_axii, 235 p. : _bill. ; _c25 cm. |
||
| 500 | _aIncludes index. | ||
| 526 |
_a0 _b0 _c0 _d388_049000000000000_ADL |
||
| 650 | 0 |
_aMCE _9379 |
|
| 650 | 0 |
_aTransportation _xCost effectiveness _xCase studies. _938459 |
|
| 650 | 0 |
_aTransportation _xCost effectiveness. _938460 |
|
| 710 | 2 |
_aWorld Bank. _94999 |
|
| 942 |
_2ddc _cBK |
||
| 999 |
_c543092 _d543092 |
||